History - American | 1 | 3 | 0 | 0 | 45 | 50 | 84.25 | 0 | 1 |
History - Cross, Historiography, and Miscellaneous | 2 | 0 | 0 | 0 | 30 | 61 | 63.50 | 0 | 0 |
Other - Other Academic and General Knowledge | 1 | 1 | 0 | 0 | 25 | 60 | 84.00 | 0 | 0 |
Current Events - U.S. | 1 | 0 | 0 | 0 | 15 | 47 | 47.00 | 0 | 1 |
Fine Arts - Painting | 1 | 0 | 0 | 0 | 15 | 71 | 71.00 | 0 | 0 |
Social Science - Linguistics | 1 | 0 | 0 | 0 | 15 | 20 | 20.00 | 0 | 1 |
History - European | 0 | 1 | 0 | 0 | 10 | 73 | 73.00 | 0 | 0 |
Social Science - Other | 0 | 1 | 0 | 0 | 10 | 89 | 89.00 | 0 | 0 |
History - World | 0 | 1 | 0 | 0 | 10 | 101 | 101.00 | 0 | 0 |
Fine Arts - Photography | 0 | 1 | 0 | 0 | 10 | 78 | 78.00 | 0 | 0 |
RMP - World Mythology | 0 | 1 | 0 | 0 | 10 | 97 | 97.00 | 0 | 0 |
Science - Astronomy | 0 | 1 | 0 | 0 | 10 | 97 | 97.00 | 0 | 0 |
Science - Earth | 0 | 1 | 0 | 0 | 10 | 73 | 73.00 | 0 | 1 |
Science - Physics | 0 | 1 | 0 | 0 | 10 | 112 | 112.00 | 0 | 0 |
Social Science - Economics | 0 | 1 | 0 | 0 | 10 | 71 | 71.00 | 0 | 0 |
Literature - European | 0 | 0 | 0 | 0 | 0 | | 0.00 | 0 | 0 |
Science - Math | 0 | 0 | 0 | 0 | 0 | | 0.00 | 0 | 0 |